| 000 | 01084nam a22003377a 4500 | ||
|---|---|---|---|
| 001 | BR0203808 | ||
| 003 | BR-BrBNA | ||
| 005 | 20230928101131.0 | ||
| 007 | ta | ||
| 008 | 230509b bl.||||| |||| 00| 0 por d | ||
| 040 |
_aBR-BrBNA _bpor _cBiblioteca Nacional de Agricultura |
||
| 041 | _a(Por) | ||
| 072 |
_aF30 _b0336 _b9205 |
||
| 090 | _ 0336 BR0203808 | ||
| 100 | 1 | _aRossmann, H. | |
| 110 | 1 |
_aEscola Superior de Agricultura Luiz de Queiroz, Piracicaba, SP (Brasil) _0Tese (Mestre em Agronomia) |
|
| 245 | 1 | _aEstimativas de parâmetros genéticos e fenotípicos de uma população de soja avaliada em quatro anos | |
| 260 | 3 |
_aPiracicaba, SP (Brasil): _c2001. |
|
| 300 | _a80 p. | ||
| 500 | _aSummaries (Eng, Por); Bibliography p. 67-74; 16 tables | ||
| 650 | _aSOJA | ||
| 650 | _aGRÃO | ||
| 650 | _aINTERAÇÃO GENÉTICA | ||
| 650 | _aPARÂMETRO GENÉTICO | ||
| 650 | _aHEREDITARIEDADE | ||
| 650 | _aVARIAÇÃO GENÉTICA | ||
| 650 | _aCARACTERÍSTICAS AGRONÔMICAS | ||
| 650 | _aMÉTODO ESTATÍSTICO | ||
| 909 |
_a202309 _bLucia _c55 _dLucia Elande |
||
| 942 | _cBK | ||
| 999 |
_c64404 _d64404 |
||